| 000 | 00463nam a2200169Ia 4500 | ||
|---|---|---|---|
| 003 | GCL | ||
| 008 | 140319s9999 xx 000 0 eng d | ||
| 040 |
_aGCL / _cGCL |
||
| 082 | 0 | 4 |
_a823 _bH A |
| 100 | 1 | _aHAWTHORN, JEREMY | |
| 245 | 1 | 0 |
_aA CONCISE GLOSSARY OF CONTEMPORARY LITERARY THEORY / _cHAWTHORN, JEREMY |
| 260 |
_a[S.N] : _bHODDER HEADINE GROUP ، _c1994 |
||
| 300 | _a241 P | ||
| 650 | 0 | 4 | _aENGLISH LITERATURE |
| 650 | 0 | 4 | _aLITERATURE |
| 942 |
_2ddc _cBK |
||
| 999 |
_c24186 _d24186 |
||